000 00776nam0a22002291 4500
001 rc\2810772
005 20250529182002.0
035 _a(NLR Aleph) 006936632
090 _a7603064
_c7603064
100 _a20110915d1936 |||y0rusy50 ca
101 0 _arus
102 _aRU
105 _aa z |||a|
200 1 _aНаша работа
_e[Рассказы жен ИТР "Воронежстроя"]
210 _aВоронеж
_cСовет жен ИТР "Воронежстроя"
_d1936
_g2 тип. УМП
215 _aОбл., 23 с., без тит. л.
_cил.
_d20х14 см.
712 0 2 _a"Воронежстрой" (Воронеж)
_bСовет жен ИТР
801 0 _aRU
_bNLR
_gpsbo
801 1 _aRU
_bELAR
_2rusmarc
852 _aNLR
_j36-10/2885
942 _cBOOK
980 _aNB